[Event "NDVM 2019 U14w"]
[Site "?"]
[Date "2019.09.12"]
[Round "1.1"]
[White "Pikki, Daria"]
[Black "Roncea, Andreea-Alexandra"]
[Result "1/2-1/2"]
[BlackElo "1677"]
[WhiteElo "1210"]
[LiveChessVersion "1.4.8"]

1. e4 {[%clk 1:30:58]} e5 {[%clk 1:30:53]} 2. Nf3 {[%clk 1:31:23]} Nc6
{[%clk 1:31:19]} 3. Bb5 {[%clk 1:31:47]} a6 {[%clk 1:31:44]} 4. Ba4
{[%clk 1:32:12]} b5 {[%clk 1:32:08]} 5. Bb3 {[%clk 1:32:29]} Bb7 {[%clk 1:32:28]}
6. O-O {[%clk 1:32:36]} Be7 {[%clk 1:32:39]} 7. Re1 {[%clk 1:32:43]} Nf6
{[%clk 1:32:52]} 8. c3 {[%clk 1:32:26]} O-O {[%clk 1:32:41]} 9. Bc2
{[%clk 1:31:56]} d6 {[%clk 1:32:31]} 10. d4 {[%clk 1:31:40]} Re8 {[%clk 1:32:26]}
11. Bg5 {[%clk 1:30:08]} h6 {[%clk 1:26:24]} 12. Bh4 {[%clk 1:29:34]} Bf8
{[%clk 1:23:26]} 13. Nbd2 {[%clk 1:25:04]} Nb8 {[%clk 1:17:32]} 14. dxe5
{[%clk 1:20:33]} dxe5 {[%clk 1:16:01]} 15. Nf1 {[%clk 1:17:32]} Qxd1
{[%clk 1:10:06]} 16. Raxd1 {[%clk 1:17:32]} Nbd7 {[%clk 1:10:06]} 17. h3
{[%clk 1:17:32]} Rad8 {[%clk 1:10:06]} 18. N1h2 {[%clk 1:17:32]} Be7
{[%clk 1:10:06]} 19. Bg3 {[%clk 1:17:32]} Bd6 {[%clk 1:10:06]} 20. Nh4
{[%clk 1:17:32]} g6 {[%clk 1:10:06]} 21. N4f3 {[%clk 1:17:32]} Kg7
{[%clk 1:10:06]} 22. Bh4 {[%clk 1:17:32]} g5 {[%clk 1:10:06]} 23. Bg3
{[%clk 1:17:32]} Rc8 {[%clk 1:10:06]} 24. Kh1 {[%clk 0:43:28]} Nc5
{[%clk 0:37:22]} 25. Nd2 {[%clk 0:41:19]} Rcd8 {[%clk 0:32:36]} 26. b4
{[%clk 0:38:13]} Ncd7 {[%clk 0:30:53]} 27. a4 {[%clk 0:35:45]} Ra8
{[%clk 0:28:44]} 28. Ra1 {[%clk 0:31:08]} Nh5 {[%clk 0:27:16]} 29. Ng4
{[%clk 0:28:11]} Nf4 {[%clk 0:25:36]} 30. Bxf4 {[%clk 0:24:16]} exf4
{[%clk 0:25:24]} 31. f3 {[%clk 0:23:27]} Ne5 {[%clk 0:24:48]} 32. Bb3
{[%clk 0:20:54]} Nxg4 {[%clk 0:23:08]} 33. hxg4 {[%clk 0:20:29]} Be5
{[%clk 0:23:21]} 34. Rac1 {[%clk 0:19:06]} h5 {[%clk 0:22:16]} 35. gxh5
{[%clk 0:16:28]} Rh8 {[%clk 0:22:18]} 36. Kg1 {[%clk 0:15:30]} Rxh5
{[%clk 0:22:31]} 37. Nb1 {[%clk 0:15:00]} Rah8 {[%clk 0:21:48]} 38. Kf2
{[%clk 0:13:50]} c5 {[%clk 0:16:18]} 39. bxc5 {[%clk 0:12:45]} Rc8
{[%clk 0:16:26]} 40. Red1 {[%clk 0:11:26]} Rxc5 {[%clk 0:14:10]} 41. Rd7
{[%clk 0:10:40]} Rc7 {[%clk 0:11:57]} 42. Rxc7 {[%clk 0:09:25]} Bxc7
{[%clk 0:12:20]} 43. Rd1 {[%clk 0:09:19]} Bb6+ {[%clk 0:12:17]} 44. Kf1
{[%clk 0:07:50]} Bc8 {[%clk 0:11:13]} 45. axb5 {[%clk 0:06:47]} axb5
{[%clk 0:07:15]} 46. Na3 {[%clk 0:05:27]} Rh1+ {[%clk 0:06:11]} 47. Ke2
{[%clk 0:05:38]} Rh2 {[%clk 0:05:59]} 48. Kf1 {[%clk 0:05:15]} Rh1+
{[%clk 0:27:37]} 49. Ke2 {[%clk 0:35:37]} Rxd1 {[%clk 0:27:56]} 50. Kxd1
{[%clk 0:35:50]} Bd7 {[%clk 0:28:09]} 51. c4 {[%clk 0:34:29]} bxc4
{[%clk 0:26:48]} 52. Nxc4 {[%clk 0:34:18]} Bd4 {[%clk 0:25:47]} 53. Nd6
{[%clk 0:33:59]} Be6 {[%clk 0:23:57]} 54. Nf5+ {[%clk 0:34:07]} Bxf5
{[%clk 0:24:18]} 55. exf5 {[%clk 0:34:31]} Kf6 {[%clk 0:24:29]} 56. Ke2
{[%clk 0:34:28]} Kxf5 {[%clk 0:24:00]} 57. Bxf7 {[%clk 0:34:45]} Ke5
{[%clk 0:23:33]} 58. Bh5 {[%clk 0:34:41]} 1/2-1/2

[Event "NDVM 2019 U14w"]
[Site "?"]
[Date "2019.09.12"]
[Round "1.2"]
[White "Zoellner, Bente"]
[Black "Schmidt, Luise"]
[Result "1-0"]
[BlackElo "1219"]
[WhiteElo "1619"]
[LiveChessVersion "1.4.8"]

1. d4 {[%clk 1:30:58]} Nf6 {[%clk 1:30:48]} 2. c4 {[%clk 1:31:19]} g6
{[%clk 1:31:07]} 3. Nc3 {[%clk 1:31:37]} Bg7 {[%clk 1:31:28]} 4. e4
{[%clk 1:31:49]} d6 {[%clk 1:31:20]} 5. Be2 {[%clk 1:31:56]} O-O {[%clk 1:31:37]}
6. Bf4 {[%clk 1:31:24]} Nbd7 {[%clk 1:31:46]} 7. Nf3 {[%clk 1:31:12]} Re8
{[%clk 1:28:51]} 8. O-O {[%clk 1:24:42]} Nh5 {[%clk 1:25:00]} 9. Be3
{[%clk 1:23:35]} e5 {[%clk 1:19:23]} 10. d5 {[%clk 1:23:24]} b6 {[%clk 1:18:08]}
11. b4 {[%clk 1:19:29]} a5 {[%clk 1:13:50]} 12. a3 {[%clk 1:17:26]} Rf8
{[%clk 1:12:43]} 13. c5 {[%clk 1:14:35]} f5 {[%clk 1:11:42]} 14. cxd6
{[%clk 1:11:14]} cxd6 {[%clk 1:10:59]} 15. bxa5 {[%clk 1:06:56]} f4
{[%clk 1:10:00]} 16. Bxb6 {[%clk 1:02:38]} Nxb6 {[%clk 1:09:54]} 17. axb6
{[%clk 1:03:02]} Qxb6 {[%clk 1:09:25]} 18. Qb1 {[%clk 1:01:42]} Qd8
{[%clk 1:09:15]} 19. Qb4 {[%clk 0:57:23]} Nf6 {[%clk 1:07:43]} 20. Rab1
{[%clk 0:55:08]} h6 {[%clk 1:05:06]} 21. Qb6 {[%clk 0:53:27]} Qe7
{[%clk 1:03:20]} 22. Nb5 {[%clk 0:50:02]} Ne8 {[%clk 1:00:13]} 23. Qc6
{[%clk 0:45:21]} Bb7 {[%clk 0:59:15]} 24. Qc3 {[%clk 0:44:08]} g5
{[%clk 0:59:18]} 25. Nc7 {[%clk 0:40:46]} Rc8 {[%clk 0:55:40]} 26. Rxb7
{[%clk 0:39:50]} Rxc7 {[%clk 0:55:14]} 27. Rxc7 {[%clk 0:39:22]} Nxc7
{[%clk 0:55:26]} 28. Qb4 {[%clk 0:38:39]} g4 {[%clk 0:54:53]} 29. Nd2
{[%clk 0:36:09]} h5 {[%clk 0:54:30]} 30. Qb7 {[%clk 0:32:44]} Rf7
{[%clk 0:53:39]} 31. Rc1 {[%clk 0:32:12]} Qd8 {[%clk 0:53:09]} 32. a4
{[%clk 0:29:35]} Ne8 {[%clk 0:50:33]} 33. Qc8 {[%clk 0:27:57]} Qe7
{[%clk 0:49:30]} 34. Qe6 {[%clk 0:27:11]} Qxe6 {[%clk 0:39:51]} 35. dxe6
{[%clk 0:27:31]} Rb7 {[%clk 0:39:43]} 36. Bb5 {[%clk 0:26:24]} Nc7
{[%clk 0:39:46]} 37. e7 {[%clk 0:26:36]} Ne8 {[%clk 0:25:56]} 38. Rc8
{[%clk 0:25:48]} Kf7 {[%clk 0:24:04]} 39. Rxe8 {[%clk 0:26:02]} Rc7
{[%clk 0:22:49]} 40. Kf1 {[%clk 0:24:17]} Bf6 {[%clk 0:18:56]} 41. a5
{[%clk 0:22:14]} Rb7 {[%clk 0:16:34]} 42. a6 {[%clk 0:21:44]} Rxb5
{[%clk 0:13:54]} 43. a7 {[%clk 0:22:00]} Kxe8 {[%clk 0:12:11]} 44. a8=Q+
{[%clk 0:22:14]} Kxe7 {[%clk 0:12:31]} 45. Nc4 {[%clk 0:21:05]} f3
{[%clk 0:11:46]} 46. gxf3 {[%clk 0:20:41]} gxf3 {[%clk 0:12:03]} 47. Ke1
{[%clk 0:21:06]} Bg5 {[%clk 0:12:00]} 48. Qa7+ {[%clk 0:20:51]} Ke6
{[%clk 0:12:11]} 49. Qa2 {[%clk 0:20:53]} Rc5 {[%clk 0:11:51]} 50. Ne3+
{[%clk 0:20:39]} Kf6 {[%clk 0:11:08]} 51. Qa8 {[%clk 0:19:15]} Rc1+
{[%clk 0:09:18]} 52. Kd2 {[%clk 0:19:25]} Bxe3+ {[%clk 0:09:40]} 53. Kxe3
{[%clk 0:18:39]} Re1+ {[%clk 0:08:58]} 54. Kxf3 {[%clk 0:18:59]} Ke7
{[%clk 0:08:20]} 55. Qb7+ {[%clk 0:19:02]} Kd8 {[%clk 0:08:24]} 56. Qh7
{[%clk 0:18:53]} Rc1 {[%clk 0:08:36]} 57. Qxh5 {[%clk 0:19:00]} Kc7
{[%clk 0:08:48]} 58. Qf7+ {[%clk 0:18:33]} Kb6 {[%clk 0:09:09]} 59. Qd5
{[%clk 0:18:04]} Rc6 {[%clk 0:07:43]} 60. Qxc6+ {[%clk 0:17:47]} Kxc6
{[%clk 0:07:49]} 61. h4 {[%clk 0:18:04]} Kd7 {[%clk 0:07:51]} 62. Kg4
{[%clk 0:18:17]} Ke7 {[%clk 0:08:09]} 63. Kf5 {[%clk 0:18:33]} Kf7
{[%clk 0:08:27]} 64. h5 {[%clk 0:18:58]} Ke7 {[%clk 0:07:58]} 65. h6
{[%clk 0:18:54]} Kf7 {[%clk 0:08:22]} 66. f3 {[%clk 0:19:16]} Kg8
{[%clk 0:07:47]} 67. Ke6 {[%clk 0:19:19]} Kh7 {[%clk 0:08:07]} 68. Kxd6
{[%clk 0:19:44]} Kxh6 {[%clk 0:08:30]} 69. Kxe5 {[%clk 0:20:08]} Kg6
{[%clk 0:08:31]} 70. f4 {[%clk 0:20:21]} Kf7 {[%clk 0:08:55]} 71. f5
{[%clk 0:20:42]} Kf8 {[%clk 0:09:14]} 72. Ke6 {[%clk 0:21:00]} Kg7
{[%clk 0:09:22]} 73. f6+ {[%clk 0:21:26]} Kf8 {[%clk 0:09:42]} 74. f7
{[%clk 0:21:43]} Kg7 {[%clk 0:10:03]} 75. Ke7 {[%clk 0:22:08]} Kg6
{[%clk 0:10:25]} 76. f8=Q {[%clk 0:22:30]} Kg5 {[%clk 0:10:27]} 77. Qf3
{[%clk 0:22:45]} Kg6 {[%clk 0:10:50]} 78. Qg4+ {[%clk 0:23:04]} Kh6
{[%clk 0:11:07]} 79. Kf7 {[%clk 0:23:26]} Kh7 {[%clk 0:11:32]} 80. Qh5# 1-0

[Event "NDVM 2019 U14w"]
[Site "?"]
[Date "2019.09.12"]
[Round "1.3"]
[White "Bauer, Sophia"]
[Black "Evering, Enna"]
[Result "0-1"]
[BlackElo "1604"]
[WhiteElo "980"]
[LiveChessVersion "1.4.8"]

1. e4 {[%clk 1:30:59]} e5 {[%clk 1:30:45]} 2. Nf3 {[%clk 1:31:25]} Nc6
{[%clk 1:31:08]} 3. d4 {[%clk 1:31:50]} exd4 {[%clk 1:31:20]} 4. Nxd4
{[%clk 1:32:15]} Nf6 {[%clk 1:31:18]} 5. Nc3 {[%clk 1:32:38]} Bb4
{[%clk 1:30:14]} 6. Nxc6 {[%clk 1:33:01]} bxc6 {[%clk 1:30:24]} 7. Bd3
{[%clk 1:33:20]} O-O {[%clk 1:29:08]} 8. O-O {[%clk 1:33:44]} Re8
{[%clk 1:28:16]} 9. Bg5 {[%clk 1:33:41]} d5 {[%clk 1:19:51]} 10. exd5
{[%clk 1:33:48]} Bxc3 {[%clk 1:18:50]} 11. bxc3 {[%clk 1:34:02]} cxd5
{[%clk 1:18:56]} 12. Qf3 {[%clk 1:34:08]} Be6 {[%clk 1:08:12]} 13. Bxf6
{[%clk 1:33:51]} Qxf6 {[%clk 1:08:15]} 14. Qxf6 {[%clk 1:33:42]} gxf6
{[%clk 1:08:35]} 15. Rfe1 {[%clk 1:33:59]} Rab8 {[%clk 1:06:45]} 16. Re3
{[%clk 1:33:02]} c5 {[%clk 1:03:03]} 17. Rf3 {[%clk 1:33:11]} c4 {[%clk 1:00:13]}
18. Bf5 {[%clk 1:33:16]} Rbd8 {[%clk 0:59:29]} 19. Re1 {[%clk 1:33:18]} Bxf5
{[%clk 0:59:19]} 20. Rxe8+ {[%clk 1:33:31]} Rxe8 {[%clk 0:59:43]} 21. g4
{[%clk 1:33:54]} Re1+ {[%clk 0:59:37]} 22. Kg2 Be4 {[%clk 1:00:01]} 23. Kg3
{[%clk 1:33:20]} Rg1+ {[%clk 1:00:05]} 24. Kf4 {[%clk 1:33:37]} Bxf3
{[%clk 1:00:28]} 25. Kxf3 {[%clk 1:33:59]} Rc1 {[%clk 1:00:43]} 26. Ke3
{[%clk 1:34:06]} Rxc2 {[%clk 1:01:06]} 27. a4 {[%clk 1:34:29]} Rxc3+
{[%clk 1:01:30]} 28. Kd4 {[%clk 1:34:51]} Rd3+ {[%clk 1:01:50]} 29. Kc5
{[%clk 1:35:16]} c3 {[%clk 1:02:13]} 30. Kb4 {[%clk 1:35:36]} c2 {[%clk 1:02:38]}
31. Ka5 {[%clk 1:35:41]} c1=Q {[%clk 1:02:52]} 32. h4 {[%clk 1:35:57]} Qc5+
{[%clk 1:03:10]} 33. Ka6 {[%clk 1:36:12]} Qb6# {[%clk 1:03:37]} 0-1

[Event "NDVM 2019 U14w"]
[Site "?"]
[Date "2019.09.12"]
[Round "1.4"]
[White "Kube, Maja"]
[Black "Belkina, Elisabeth"]
[Result "1-0"]
[BlackElo "1046"]
[WhiteElo "930"]
[LiveChessVersion "1.4.8"]

1. e4 {[%clk 1:30:59]} c6 {[%clk 1:30:54]} 2. d4 {[%clk 1:30:35]} d5
{[%clk 1:31:17]} 3. exd5 {[%clk 1:29:27]} cxd5 {[%clk 1:31:37]} 4. Bd3
{[%clk 1:26:46]} Nc6 {[%clk 1:31:15]} 5. c3 {[%clk 1:25:00]} e5 {[%clk 1:30:04]}
6. Qe2 {[%clk 1:24:08]} e4 {[%clk 1:28:56]} 7. Nf3 {[%clk 1:20:27]} Be7
{[%clk 1:29:00]} 8. Bb5 {[%clk 1:13:00]} exf3 {[%clk 1:28:38]} 9. Qxf3
{[%clk 1:12:00]} Nf6 {[%clk 1:28:01]} 10. O-O {[%clk 1:10:43]} O-O
{[%clk 1:27:23]} 11. Qg3 {[%clk 1:01:26]} Ne4 {[%clk 1:26:15]} 12. Qd3
{[%clk 0:56:55]} Bd6 {[%clk 1:18:04]} 13. h3 {[%clk 0:51:04]} a6 {[%clk 1:15:35]}
14. Ba4 {[%clk 0:48:27]} Ne7 {[%clk 1:13:29]} 15. Bc2 {[%clk 0:47:52]} Ng6
{[%clk 1:11:50]} 16. Nd2 Nf6 {[%clk 1:09:49]} 17. c4 {[%clk 0:31:38]} Nf4
{[%clk 1:07:16]} 18. Qf3 {[%clk 0:24:40]} dxc4 {[%clk 1:05:10]} 19. Nxc4
{[%clk 0:22:10]} Re8 {[%clk 1:04:34]} 20. Bxf4 {[%clk 0:18:41]} Bxf4
{[%clk 1:04:32]} 21. Qxf4 {[%clk 0:16:47]} Nd5 {[%clk 1:03:53]} 22. Qf3
{[%clk 0:15:01]} Nb4 {[%clk 1:02:34]} 23. Bb1 {[%clk 0:14:05]} Qxd4
{[%clk 1:00:37]} 24. Qb3 {[%clk 0:13:17]} a5 {[%clk 0:55:27]} 25. Rd1
{[%clk 0:12:55]} Qc5 {[%clk 0:54:04]} 26. Nd6 {[%clk 0:12:29]} Re7
{[%clk 0:51:43]} 27. Nxc8 {[%clk 0:12:04]} Qxc8 {[%clk 0:51:19]} 28. Qf3
{[%clk 0:11:18]} Ra6 {[%clk 0:49:39]} 29. Qg3 {[%clk 0:10:53]} Rf6
{[%clk 0:48:35]} 30. Qh4 {[%clk 0:09:58]} g6 {[%clk 0:48:31]} 31. Qxf6
{[%clk 0:10:09]} Re2 {[%clk 0:48:34]} 32. Rd8+ {[%clk 0:10:10]} Qxd8
{[%clk 0:48:48]} 33. Qxd8+ {[%clk 0:10:33]} Kg7 {[%clk 0:48:54]} 34. Qd4+
{[%clk 0:10:22]} f6 {[%clk 0:49:13]} 35. Qg4 {[%clk 0:10:22]} Re1+
{[%clk 0:48:44]} 36. Kh2 {[%clk 0:10:30]} f5 {[%clk 0:49:03]} 37. Qg5
{[%clk 0:09:34]} h6 {[%clk 0:47:22]} 38. Qd2 {[%clk 0:09:19]} Re5
{[%clk 0:47:25]} 39. Qd7+ {[%clk 0:09:19]} Kf6 {[%clk 0:47:33]} 40. Qd6+
{[%clk 0:09:32]} Re6 {[%clk 0:47:46]} 41. Qd4+ {[%clk 0:09:33]} Re5
{[%clk 0:48:03]} 42. a3 {[%clk 0:09:26]} Nc6 {[%clk 0:48:15]} 43. Qh4+
{[%clk 0:09:38]} Kg7 {[%clk 0:48:26]} 44. Bc2 {[%clk 0:09:15]} g5
{[%clk 0:48:41]} 45. Qh5 {[%clk 0:09:12]} Nd4 {[%clk 0:48:39]} 46. Bd3
{[%clk 0:08:23]} Nb3 {[%clk 0:47:40]} 47. Rd1 {[%clk 0:08:05]} Rd5
{[%clk 0:47:18]} 48. Bc4 {[%clk 0:04:57]} Rxd1 {[%clk 0:47:28]} 49. Qf7+
{[%clk 0:05:23]} Kh8 {[%clk 0:47:40]} 50. Qg8# 1-0

[Event "NDVM 2019 U14w"]
[Site "?"]
[Date "2019.09.12"]
[Round "1.5"]
[White "Berghold, Lotta"]
[Black "Hellenbroich, Helene"]
[Result "1-0"]
[BlackElo "1105"]
[WhiteElo "1471"]
[LiveChessVersion "1.4.8"]

1. d4 {[%clk 1:30:56]} d5 {[%clk 1:30:20]} 2. Nf3 {[%clk 1:31:20]} Nf6
{[%clk 1:30:30]} 3. e3 {[%clk 1:31:45]} e6 {[%clk 1:30:27]} 4. Bd3
{[%clk 1:32:09]} Nbd7 {[%clk 1:29:36]} 5. Nbd2 {[%clk 1:32:16]} Bd6
{[%clk 1:29:56]} 6. O-O {[%clk 1:32:36]} O-O {[%clk 1:29:46]} 7. e4
{[%clk 1:31:02]} dxe4 {[%clk 1:28:45]} 8. Nxe4 {[%clk 1:31:06]} Nxe4
{[%clk 1:29:03]} 9. Bxe4 {[%clk 1:31:33]} Nf6 {[%clk 1:29:19]} 10. Bd3
{[%clk 1:31:23]} Re8 {[%clk 1:29:10]} 11. Re1 {[%clk 1:29:52]} h6
{[%clk 1:28:53]} 12. c3 {[%clk 1:28:26]} b6 {[%clk 1:29:06]} 13. Qe2
{[%clk 1:22:19]} Bb7 {[%clk 1:28:08]} 14. Ne5 {[%clk 1:19:16]} Bxe5
{[%clk 1:25:50]} 15. Qxe5 {[%clk 1:16:26]} Qd6 {[%clk 1:25:32]} 16. Bxh6
{[%clk 1:04:04]} Qxe5 {[%clk 1:24:38]} 17. dxe5 {[%clk 1:02:16]} gxh6
{[%clk 1:25:01]} 18. exf6 {[%clk 1:02:37]} Kh8 {[%clk 1:24:36]} 19. Rad1
{[%clk 0:50:51]} e5 {[%clk 1:22:55]} 20. Bc4 {[%clk 0:44:44]} Kg8
{[%clk 1:22:21]} 21. Rd7 {[%clk 0:44:04]} Rf8 {[%clk 1:22:08]} 22. Rxc7
{[%clk 0:31:20]} Rab8 {[%clk 1:20:15]} 23. Rxe5 {[%clk 0:25:08]} Rbe8
{[%clk 1:19:15]} 24. Rxe8 {[%clk 0:25:10]} Rxe8 {[%clk 1:19:39]} 25. Bxf7+
{[%clk 0:25:34]} 1-0

[Event "NDVM 2019 U14w"]
[Site "?"]
[Date "2019.09.12"]
[Round "1.6"]
[White "Alscher, Anouk"]
[Black "Mueller, Helene"]
[Result "0-1"]
[BlackElo "1476"]
[WhiteElo "1082"]
[LiveChessVersion "1.4.8"]

1. e4 {[%clk 1:30:58]} c5 {[%clk 1:30:53]} 2. Bc4 {[%clk 1:31:17]} Nc6
{[%clk 1:30:50]} 3. Nf3 {[%clk 1:30:56]} Nf6 {[%clk 1:29:38]} 4. Nc3
{[%clk 1:28:52]} g6 {[%clk 1:27:29]} 5. d4 {[%clk 1:28:51]} cxd4 {[%clk 1:27:41]}
6. Nxd4 {[%clk 1:29:02]} Bg7 {[%clk 1:27:39]} 7. Nxc6 {[%clk 1:28:40]} bxc6
{[%clk 1:27:50]} 8. Qf3 {[%clk 1:27:48]} O-O {[%clk 1:26:32]} 9. O-O
{[%clk 1:27:36]} Bb7 {[%clk 1:23:54]} 10. Rd1 {[%clk 1:26:58]} Qa5
{[%clk 1:14:47]} 11. Be3 {[%clk 1:24:56]} Rfd8 {[%clk 1:11:26]} 12. Rd3
{[%clk 1:24:31]} d5 {[%clk 1:10:05]} 13. exd5 {[%clk 1:11:59]} cxd5
{[%clk 1:10:49]} 14. Bb3 {[%clk 1:11:31]} d4 {[%clk 0:51:51]} 15. Qxb7
{[%clk 1:11:42]} dxe3 {[%clk 0:50:51]} 16. Rxe3 {[%clk 1:11:29]} e6
{[%clk 0:50:16]} 17. Rd3 {[%clk 1:09:22]} Rxd3 {[%clk 0:48:09]} 18. Qxa8+
{[%clk 1:08:15]} Rd8 {[%clk 0:48:31]} 19. Qf3 {[%clk 1:07:09]} Nh5
{[%clk 0:42:47]} 20. Rd1 {[%clk 1:06:32]} Rxd1+ {[%clk 0:41:22]} 21. Qxd1
{[%clk 1:06:47]} Bxc3 {[%clk 0:41:08]} 22. bxc3 {[%clk 1:07:04]} Qxc3
{[%clk 0:41:29]} 23. h3 {[%clk 1:06:25]} Kg7 {[%clk 0:39:16]} 24. a4
{[%clk 1:03:52]} Nf6 {[%clk 0:39:05]} 25. Qd3 {[%clk 1:02:08]} Qxd3
{[%clk 0:38:34]} 26. cxd3 {[%clk 1:02:21]} Nd7 {[%clk 0:38:01]} 27. Bc4
{[%clk 1:02:04]} Nc5 {[%clk 0:37:32]} 28. a5 {[%clk 1:02:14]} Kf6
{[%clk 0:36:40]} 29. d4 {[%clk 1:01:57]} Nb7 {[%clk 0:36:47]} 30. a6
{[%clk 1:01:55]} Nd6 {[%clk 0:36:44]} 31. Bb3 {[%clk 1:01:45]} Ke7
{[%clk 0:36:49]} 32. g4 {[%clk 1:01:43]} Kd7 {[%clk 0:35:54]} 33. f4
{[%clk 1:01:39]} Kc6 {[%clk 0:32:53]} 34. Bc2 {[%clk 1:01:38]} Kd5
{[%clk 0:32:56]} 35. Kf2 {[%clk 1:01:12]} Kxd4 {[%clk 0:32:43]} 36. h4
{[%clk 1:01:26]} Nb5 {[%clk 0:32:07]} 37. f5 {[%clk 1:01:08]} Nc7
{[%clk 0:31:51]} 38. fxg6 {[%clk 1:00:54]} hxg6 {[%clk 0:32:06]} 39. Kg3
{[%clk 1:00:47]} f5 {[%clk 0:30:29]} 40. g5 {[%clk 1:00:50]} Ne8 {[%clk 0:29:37]}
41. Kf4 {[%clk 1:00:05]} Ng7 {[%clk 0:29:46]} 42. Ba4 {[%clk 1:00:00]} e5+
{[%clk 0:29:53]} 43. Kg3 {[%clk 1:00:15]} e4 {[%clk 0:29:49]} 44. Bd7
{[%clk 1:00:11]} Ke5 {[%clk 0:29:02]} 45. Bb5 {[%clk 0:59:06]} Nh5+
{[%clk 0:28:29]} 46. Kh3 {[%clk 0:59:13]} f4 {[%clk 0:28:30]} 47. Be8
{[%clk 0:59:28]} f3 {[%clk 0:28:10]} 48. Kh2 {[%clk 0:59:35]} Nf4
{[%clk 0:28:20]} 49. Bxg6 {[%clk 0:58:47]} Nxg6 {[%clk 0:28:11]} 50. h5
{[%clk 0:58:55]} Kf5 {[%clk 0:28:34]} 51. h6 {[%clk 0:59:04]} Kxg5
{[%clk 0:28:55]} 52. Kg3 {[%clk 0:59:06]} Kxh6 {[%clk 0:29:19]} 53. Kg4
{[%clk 0:59:26]} f2 {[%clk 0:29:42]} 54. Kf5 {[%clk 0:59:44]} f1=Q+
{[%clk 0:29:49]} 55. Ke6 {[%clk 0:59:59]} e3 {[%clk 0:29:12]} 56. Kd7
{[%clk 1:00:20]} Qxa6 {[%clk 0:29:27]} 57. Kc7 {[%clk 1:00:41]} Kg7
{[%clk 0:29:05]} 58. Kd7 {[%clk 1:01:01]} e2 {[%clk 0:28:39]} 59. Kc7
{[%clk 1:01:23]} e1=Q {[%clk 0:28:54]} 60. Kd8 {[%clk 1:01:28]} Qe7#
{[%clk 0:29:09]} 0-1

[Event "NDVM 2019 U14w"]
[Site "?"]
[Date "2019.09.12"]
[Round "1.7"]
[White "Kluehs, Isabel"]
[Black "Rosin, Ida"]
[Result "1-0"]
[BlackElo "1122"]
[WhiteElo "1312"]
[LiveChessVersion "1.4.8"]

1. d4 {[%clk 1:30:59]} d5 {[%clk 1:30:53]} 2. Nf3 {[%clk 1:31:25]} Nc6
{[%clk 1:31:05]} 3. e3 {[%clk 1:31:47]} a6 {[%clk 1:31:13]} 4. c3
{[%clk 1:32:04]} Bf5 {[%clk 1:31:11]} 5. Be2 {[%clk 1:31:45]} e6 {[%clk 1:31:17]}
6. O-O {[%clk 1:31:57]} Bd6 {[%clk 1:31:34]} 7. c4 {[%clk 1:32:17]} Nf6
{[%clk 1:31:32]} 8. Nc3 {[%clk 1:32:29]} O-O {[%clk 1:31:36]} 9. b3
{[%clk 1:31:51]} Rb8 {[%clk 1:31:29]} 10. Bb2 {[%clk 1:31:41]} b6
{[%clk 1:30:16]} 11. cxd5 {[%clk 1:31:21]} exd5 {[%clk 1:29:30]} 12. Bxa6
{[%clk 1:31:15]} Nb4 {[%clk 1:27:30]} 13. Be2 {[%clk 1:30:39]} Ne4
{[%clk 1:26:53]} 14. h3 {[%clk 1:29:29]} Qf6 {[%clk 1:25:50]} 15. a3
{[%clk 1:27:21]} Qg6 {[%clk 1:25:26]} 16. Nh4 {[%clk 1:25:04]} Qg5
{[%clk 1:17:28]} 17. Nxf5 {[%clk 1:25:17]} Qxf5 {[%clk 1:16:40]} 18. axb4
{[%clk 1:25:17]} Bxb4 {[%clk 1:16:33]} 19. Nxe4 {[%clk 1:25:29]} Qxe4
{[%clk 1:16:37]} 20. Bd3 {[%clk 1:25:42]} Qh4 {[%clk 1:15:49]} 21. Ba3
{[%clk 1:25:05]} Bd6 {[%clk 1:15:43]} 22. Bxd6 {[%clk 1:25:26]} cxd6
{[%clk 1:15:55]} 23. Qf3 {[%clk 1:25:45]} Qg5 {[%clk 1:15:33]} 24. Qf5
{[%clk 1:26:01]} Qxf5 25. Bxf5 {[%clk 1:26:25]} Rfe8 {[%clk 1:14:49]} 26. Rac1
{[%clk 1:26:32]} g6 {[%clk 1:14:32]} 27. Bg4 {[%clk 1:26:39]} Red8
{[%clk 1:14:22]} 28. Rc6 {[%clk 1:24:03]} Rb7 {[%clk 1:13:12]} 29. Rfc1
{[%clk 1:24:04]} f5 {[%clk 1:13:06]} 30. Bf3 {[%clk 1:24:26]} Kf8
{[%clk 1:12:03]} 31. Bxd5 {[%clk 1:24:46]} Rbd7 {[%clk 1:11:15]} 32. Rc8
{[%clk 1:24:51]} Ke7 {[%clk 1:11:30]} 33. Rxd8 {[%clk 1:25:02]} Kxd8
{[%clk 1:11:36]} 34. Rc6 {[%clk 1:25:21]} b5 {[%clk 1:10:29]} 35. Rb6
{[%clk 1:25:38]} Rc7 {[%clk 1:10:25]} 36. Rb8+ {[%clk 1:26:02]} Kd7
{[%clk 1:10:43]} 37. Rb7 {[%clk 1:26:26]} Kc8 {[%clk 1:10:04]} 38. Rxc7+
{[%clk 1:26:43]} Kxc7 {[%clk 1:10:22]} 39. Bg8 {[%clk 1:27:08]} h6
{[%clk 1:10:24]} 40. Bh7 {[%clk 1:27:31]} Kb6 {[%clk 1:10:30]} 41. Bxg6
{[%clk 1:27:53]} Ka5 {[%clk 1:10:53]} 42. Bxf5 {[%clk 1:28:13]} Kb4
{[%clk 1:11:00]} 43. h4 {[%clk 1:28:09]} Kxb3 {[%clk 1:11:01]} 44. g4
{[%clk 1:28:33]} Kb2 {[%clk 1:11:23]} 45. g5 {[%clk 1:28:58]} Kc1
{[%clk 1:11:29]} 46. g6 {[%clk 1:29:21]} b4 {[%clk 1:11:49]} 47. g7
{[%clk 1:29:46]} b3 {[%clk 1:12:12]} 48. g8=Q {[%clk 1:30:05]} b2
{[%clk 1:12:32]} 49. Qc4+ {[%clk 1:30:25]} Kd1 {[%clk 1:12:28]} 50. Qc2+
{[%clk 1:30:51]} Ke1 {[%clk 1:12:40]} 51. Qb1+ {[%clk 1:31:02]} Kd2
{[%clk 1:12:41]} 52. Kf1 {[%clk 1:30:57]} Kc3 {[%clk 1:12:26]} 53. Ke2
{[%clk 1:31:19]} d5 {[%clk 1:12:31]} 54. Qc2+ {[%clk 1:31:41]} Kb4
{[%clk 1:12:43]} 55. Kd3 {[%clk 1:31:52]} h5 {[%clk 1:12:41]} 56. Qc5+
{[%clk 1:32:12]} Ka4 {[%clk 1:12:16]} 57. Bd7+ {[%clk 1:31:57]} Kb3
{[%clk 1:12:20]} 58. Qc3+ {[%clk 1:32:14]} Ka2 {[%clk 1:12:36]} 59. Qa5+
{[%clk 1:31:55]} Kb1 {[%clk 1:12:34]} 60. Be8 {[%clk 1:31:36]} Kc1
{[%clk 1:12:43]} 61. Qe1# 1-0

[Event "NDVM 2019 U14w"]
[Site "?"]
[Date "2019.09.12"]
[Round "1.8"]
[White "Gossing, Marie-Sophie"]
[Black "Hafermann, Lara"]
[Result "1-0"]
[BlackElo "800"]
[WhiteElo "1120"]
[LiveChessVersion "1.4.8"]

1. e4 {[%clk 1:30:56]} b6 {[%clk 1:30:58]} 2. d4 {[%clk 1:30:27]} Bb7
{[%clk 1:31:14]} 3. Nc3 {[%clk 1:30:39]} e6 {[%clk 1:31:22]} 4. g3
{[%clk 1:29:33]} Bb4 {[%clk 1:31:10]} 5. Bg2 {[%clk 1:27:36]} Bxc3+
{[%clk 1:31:18]} 6. bxc3 {[%clk 1:27:59]} d5 {[%clk 1:30:35]} 7. e5
{[%clk 1:26:36]} Ne7 {[%clk 1:30:26]} 8. Bg5 {[%clk 1:26:07]} h6 {[%clk 1:30:22]}
9. Bc1 {[%clk 1:25:01]} Nbc6 {[%clk 1:29:12]} 10. Ne2 {[%clk 1:24:32]} Qd7
{[%clk 1:27:20]} 11. Qd3 {[%clk 1:23:03]} O-O-O {[%clk 1:26:36]} 12. Ba3
{[%clk 1:17:01]} Rhf8 {[%clk 1:25:16]} 13. O-O-O {[%clk 1:15:55]} f6
{[%clk 1:25:19]} 14. c4 {[%clk 1:15:35]} fxe5 {[%clk 1:24:16]} 15. dxe5
{[%clk 1:10:43]} dxc4 {[%clk 1:22:51]} 16. Qxc4 {[%clk 1:10:34]} Qe8
{[%clk 1:20:26]} 17. Bxc6 {[%clk 1:09:00]} Qf7 {[%clk 1:15:05]} 18. Bxb7+
{[%clk 1:06:50]} Kxb7 {[%clk 1:14:48]} 19. Nf4 {[%clk 1:05:17]} Nd5
{[%clk 1:09:46]} 20. Bxf8 {[%clk 1:04:57]} Nxf4 {[%clk 1:09:08]} 21. Rxd8
{[%clk 1:04:05]} Ng6 {[%clk 1:09:10]} 22. Qe4+ {[%clk 1:01:56]} c6
{[%clk 1:09:16]} 23. Bd6 {[%clk 1:01:18]} b5 {[%clk 1:08:59]} 24. Rb8+
{[%clk 1:00:57]} Ka6 {[%clk 1:09:23]} 25. Qxc6+ {[%clk 1:01:18]} Ka5
{[%clk 1:09:46]} 26. Qxb5# {[%clk 1:01:41]} 1-0